Σαντορίνη = Santorini : 1:40000.

Saved in:
Bibliographic Details
Format: Book
Language:Greek
English
Published: Αθήνα : Road, [199;].
Series:Road Ekdoseis A.E ; v.108
Subjects:
Tags: Add Tag
No Tags, Be the first to tag this record!

MARC

LEADER 00000cam a2200000 i 4500
001 1/12265
008 000919q199u gr | |||| |||| ||gre||
020 |a 960-8481-04-X 
035 |l 10064141 
040 |a GR-MyUa  |b gre  |e AACR2 
041 0 |a gre  |a eng 
082 7 |a 938.971 
245 1 0 |a Σαντορίνη =   |b Santorini : 1:40000.  
260 |a Αθήνα :   |b Road,   |c [199;].  
300 |a 1 χάρτ.  
490 1 |a (Road Ekdoseis Α.Ε ;   |v vol.108) 
500 |a Με την συνεργασία της γεωγραφικής υπηρεσίας στρατού.  
504 |a Περιλαμβάνει ευρετήρια.  
651 0 |a Santorini (Greece)   |x Maps. 
830 0 |a Road Ekdoseis A.E ;  |v  v.108  
852 |a INST  |b CHIOS  |e 20000919  |h 938.971 ΣΑΝ  |p N10023847  |q N10023847  |t BK  |y 12 
901 |a BIBL2-2000-3 
909 |a Χ  |b 074727 
970 |z 2000/09/ΧΡΥΣΑΝΘΗ